Home Print Resources E-Books E-Journals IIMT Lecture Series Library Membership Form Book Recommendation Form Campus Tour Take AdmissionAbout Us Contact Us

INFORMATION TECHNOLOGY ACT , 2000 (Record no. 57236)

000 -LEADER
fixed length control field 00322nam a22001337a 4500
003 - CONTROL NUMBER IDENTIFIER
control field OSt
005 - DATE AND TIME OF LATEST TRANSACTION
control field 20231004044544.0
008 - FIXED-LENGTH DATA ELEMENTS--GENERAL INFORMATION
fixed length control field 231004b |||||||| |||| 00| 0 eng d
040 ## - CATALOGING SOURCE
Transcribing agency NOIDA CollegeIIMT College of Law
100 ## - MAIN ENTRY--PERSONAL NAME
Personal name UNIVERSALS
245 ## - TITLE STATEMENT
Title INFORMATION TECHNOLOGY ACT , 2000
300 ## - PHYSICAL DESCRIPTION
Extent 50
942 ## - ADDED ENTRY ELEMENTS (KOHA)
Source of classification or shelving scheme
Koha item type Reference Book
Holdings
Withdrawn status Lost status Source of classification or shelving scheme Damaged status Not for loan Home library Current library Date acquired Source of acquisition Cost, normal purchase price Inventory number Total Checkouts Barcode Date last seen Price effective from Koha item type
          NOIDA College IIMT College of Law NOIDA College IIMT College of Law 07/21/2023 ARISTA PUBLISHERS 140.00 HO/IN/53   11-B-7589 10/04/2023 10/04/2023 Reference Book
          NOIDA College IIMT College of Law NOIDA College IIMT College of Law 07/21/2023 ARISTA PUBLISHERS 140.00 HO/IN/53   11-B-7590 10/04/2023 10/04/2023 Reference Book
IIMT, Central Library. All Rights Reserved IIMT,UNIVERSITY © 2023
Implemented and Customised by I CLOUDE EMS
You Are OPAC Visitor No
free web counter

Powered by Koha